| 000 | 00650nam a2200193Ia 4500 | ||
|---|---|---|---|
| 003 | IN-BaIIA | ||
| 008 | 211028s9999 xx 000 0 eng d | ||
| 040 | _cIIA Library | ||
| 080 |
_a083.7:621.355.21 _bISI |
||
| 110 | _aIndian Standards Institution | ||
| 245 | 0 |
_aIndian Standard Specification for Stationary cells and Batteries, Lead Acid Type (with Tubular) _cIndian Standards Institution |
|
| 260 |
_aNew Delhi _bIndian Standards Institution _c1980 |
||
| 300 | _a18p. | ||
| 650 |
_aBatteries _911545 |
||
| 650 | _aNASA Thesaurus | ||
| 650 |
_aStandards _98876 |
||
| 650 |
_aStationary Cells _911546 |
||
| 942 | _cBK | ||
| 999 |
_c6735 _d6735 |
||